Construction And Design Manual : Exhibition Halls (Record no. 15817)

MARC details
000 -LEADER
fixed length control field 00368nam a2200145Ia 4500
008 - FIXED-LENGTH DATA ELEMENTS--GENERAL INFORMATION
fixed length control field 220803s9999 xx 000 0 und d
020 ## - INTERNATIONAL STANDARD BOOK NUMBER
International Standard Book Number 9783869221847
041 ## - LANGUAGE CODE
Language code of text/sound track or separate title eng
082 ## - DEWEY DECIMAL CLASSIFICATION NUMBER
Classification number 691 KUS
100 ## - MAIN ENTRY--PERSONAL NAME
Personal name Kusch C F
9 (RLIN) 24937
245 ## - TITLE STATEMENT
Title Construction And Design Manual : Exhibition Halls
260 ## - PUBLICATION, DISTRIBUTION, ETC. (IMPRINT)
Place of publication, distribution, etc. Berlin
Name of publisher, distributor, etc. Dom Publisher
Date of publication, distribution, etc. 2013
300 ## - PHYSICAL DESCRIPTION
Extent 304p
500 ## - GENERAL NOTE
Keywords ARCHI
Holdings
Withdrawn status Lost status Damaged status Not for loan Collection code Home library Current library Date acquired Vendor Cost, normal purchase price Full call number Barcode Date last seen Cost, replacement price Bill Date Koha item type Original Barcode
      Reference Book of B Arch Dr. Bhanuben Nanavati College of Architecture Dr. Bhanuben Nanavati College of Architecture 13/07/2015 Word Book 4138.68 691 KUS BNCA-BK-9340 03/08/2022 4138.68 03/07/2015 Reference book B09340